Sample size choice: charts for experiments with linear models

Αποθηκεύτηκε σε:
Λεπτομέρειες βιβλιογραφικής εγγραφής
Κύριοι συγγραφείς: Odeh, Robert E. (Συγγραφέας), Fox, Martin (Συγγραφέας)
Μορφή: Βιβλίο
Γλώσσα:Αγγλικά
Έκδοση: Nueva York Marcel Dekker 1975
Σειρά:Statistics: Textbooks and Monographs, 14
Θέματα:
Ετικέτες: Προσθήκη ετικέτας
Δεν υπάρχουν, Καταχωρήστε ετικέτα πρώτοι!

MARC

LEADER 00000nam a2200000 a 4500
001 UCW0670
003 CL-VaPUC
008 880808e19750000US |||||||||||||||||eng|d
082 0 4 |a 519.5  |b ODE  |2 21 
100 |a Odeh, Robert E.  |e author  |9 304571 
700 0 |a Fox, Martin  |e author  |9 304572 
245 1 0 |a Sample size choice: charts for experiments with linear models 
300 |a 190 p 
942 |c BK 
945 |d 19880808 00:00:00 
260 |a Nueva York  |b Marcel Dekker  |c 1975 
650 0 |a Estadística matemática  |9 260028 
583 |a last modification  |c 19880808 00:00:00  |k Rodrigo Vera 
490 0 |a Statistics: Textbooks and Monographs, 14 
999 |c 215742  |d 215740 
952 |0 0  |1 0  |4 0  |6 519_500000000000000_ODE_1975  |7 0  |8 A  |9 200562  |a BIBGIM  |b BIBGIM  |d 2019-11-14  |i 2677962  |o 519.5 ODE 1975  |p 2677962  |r 2025-01-15  |w 2019-11-14  |y BK  |k EST